| 000 | 00350nam a2200145Ia 4500 | ||
|---|---|---|---|
| 008 | 230312s9999||||xx |||||||||||||| ||und|| | ||
| 020 | _a0-7020-4095-5 | ||
| 082 |
_a615 _bKAN-C |
||
| 100 | _aKanski;Jack.J | ||
| 245 | 0 | _aClinical Ophthalmology | |
| 260 |
_bElsevier _aIndia _c2011 |
||
| 300 | _a909 | ||
| 650 |
_aMedical _vOphthalmology |
||
| 942 | _cBK | ||
| 999 |
_c10131 _d10131 |
||